000 00608nam a2200193Ia 4500
005 20250326140924.0
008 250326s9999 xx 000 0 und d
020 _a0-13-906447-8
037 _aTextbook
040 _aFMSL
_beng
_cFMSL
041 _aeng
_2eng
084 _aX:74ogD658(2:55) N8
_qFMSL
100 _aSenn James A
245 0 _aInformation technology in business: Principles, practices and opportunities
_cSenn James A
260 _aNew Jersey
_bNew Jersey, Prentice-Hall
_c1998
300 _axxix,845
942 _cTB
_hX:74ogD658(2:55) N8
999 _c1287888
_d1287888